Akta Kastam: Perintah Duti Kastam( Barang-barang Di Bawah Perjanjian Perkongsian Ekonomi Komprehensif Antara Negeri-negeri Anggota ASEAN Dengan Jepun) 2008 [P.U. (A) 476/2008] = (Record no. 2075)
[ view plain ]
| 000 -LEADER | |
|---|---|
| fixed length control field | nam a22 a 4500 |
| 005 - DATE AND TIME OF LATEST TRANSACTION | |
| control field | 20170515155529.0 |
| 008 - FIXED-LENGTH DATA ELEMENTS--GENERAL INFORMATION | |
| fixed length control field | 170515s2008 my ||||| |||| 00| 0 eng d |
| 040 ## - CATALOGING SOURCE | |
| Original cataloging agency | AKMAL |
| 082 ## - DEWEY DECIMAL CLASSIFICATION NUMBER | |
| Classification number | 382.959052 KDRM |
| 090 ## - LOCALLY ASSIGNED LC-TYPE CALL NUMBER (OCLC); LOCAL CALL NUMBER (RLIN) | |
| Classification number (OCLC) (R) ; Classification number, CALL (RLIN) (NR) | 382.959052 |
| Local cutter number (OCLC) ; Book number/undivided call number, CALL (RLIN) | KDRM |
| 110 2# - MAIN ENTRY--CORPORATE NAME | |
| Corporate name or jurisdiction name as entry element | Malaysia |
| Subordinate unit | Kastam Diraja Malaysia |
| 9 (RLIN) | 2857 |
| 245 0# - TITLE STATEMENT | |
| Title | Akta Kastam: Perintah Duti Kastam( Barang-barang Di Bawah Perjanjian Perkongsian Ekonomi Komprehensif Antara Negeri-negeri Anggota ASEAN Dengan Jepun) 2008 [P.U. (A) 476/2008] = |
| Remainder of title | Customs Act 1967:Customs Duties ( Goods Under The Agreement On Comprehensive Economic Partnership Among Member States Of The ASEAN And Japan) Order 2008 [P.U.(A) 476/2008] |
| 260 ## - PUBLICATION, DISTRIBUTION, ETC. | |
| Place of publication, distribution, etc. | Kuala Lumpur: |
| Name of publisher, distributor, etc. | Percetakan Nasional Berhad, |
| Date of publication, distribution, etc. | 2008. |
| 300 ## - PHYSICAL DESCRIPTION | |
| Extent | 947pages |
| Dimensions | 25cm |
| 500 ## - GENERAL NOTE | |
| General note | Parallel text in Bahasa Malaysia and English |
| 650 1# - SUBJECT ADDED ENTRY--TOPICAL TERM | |
| Topical term or geographic name entry element | Customs Administration |
| General subdivision | Law and legislation |
| Geographic subdivision | Malaysia |
| 9 (RLIN) | 4279 |
| 650 2# - SUBJECT ADDED ENTRY--TOPICAL TERM | |
| Topical term or geographic name entry element | Tariff |
| General subdivision | Law and legislation |
| Geographic subdivision | Malaysia |
| 9 (RLIN) | 20 |
| 710 ## - ADDED ENTRY--CORPORATE NAME | |
| Corporate name or jurisdiction name as entry element | Malaysia |
| Subordinate unit | Kastam Diraja Malaysia |
| 9 (RLIN) | 2857 |
| 942 ## - ADDED ENTRY ELEMENTS (KOHA) | |
| Source of classification or shelving scheme | |
| Koha item type | Book |
| 950 ## - LOCAL HOLDINGS (RLIN) | |
| Permanent shelving location, LOC (RLIN) | AKMAL |
| Withdrawn status | Lost status | Source of classification or shelving scheme | Damaged status | Not for loan | Collection code | Home library | Current library | Shelving location | Date acquired | Inventory number | Total Checkouts | Full call number | Barcode | Date last seen | Price effective from | Koha item type |
|---|---|---|---|---|---|---|---|---|---|---|---|---|---|---|---|---|
| NON-FICTION | AKMAL Melaka | AKMAL Melaka | PINJAMAN | 17.05.2017 | 305415 | 382.959052 KDRM | 201703202 | 17.05.2017 | 17.05.2017 | Book | ||||||
| NON-FICTION | AKMAL Melaka | AKMAL Melaka | PINJAMAN | 17.05.2017 | 305417 | 382.959052 KDRM | 201703203 | 17.05.2017 | 17.05.2017 | Book | ||||||
| NON-FICTION | AKMAL Melaka | AKMAL Melaka | PINJAMAN | 17.05.2017 | 305418 | 382.959052 KDRM | 201703204 | 17.05.2017 | 17.05.2017 | Book |
